Duševní zdraví hraje stále důležitejší roli
Syndróm vyhorenia ako prejav chronického pracovného stresu. Manažéri ako súčasť skupiny, ktorá je najviac ohrozená syndrómom vyhorenia. Rôzne formy starostlivosti o duševné zdravie (hygge, digitálny detox, dovolenka, práca z domu).
Gespeichert in:
| 1. Verfasser: | |
|---|---|
| Format: | Buchkapitel |
| Sprache: | Tschechisch |
| Schlagworte: | |
| Tags: |
Keine Tags, Fügen Sie das erste Tag hinzu!
|
MARC
| LEADER | 00000naa a2200000 4500 | ||
|---|---|---|---|
| 001 | 0256949 | ||
| 005 | 20190709101224.2 | ||
| 041 | 0 | |a cze | |
| 044 | |a CZ | ||
| 245 | 1 | 0 | |a Duševní zdraví hraje stále důležitejší roli |c Kristína Veinbender |
| 520 | |a Syndróm vyhorenia ako prejav chronického pracovného stresu. Manažéri ako súčasť skupiny, ktorá je najviac ohrozená syndrómom vyhorenia. Rôzne formy starostlivosti o duševné zdravie (hygge, digitálny detox, dovolenka, práca z domu). | ||
| 610 | 2 | 0 | |a syndróm vyhorenia |
| 610 | 2 | 0 | |a zdravie |
| 610 | 2 | 0 | |a firmy |
| 610 | 2 | 0 | |a stresy |
| 610 | 2 | 0 | |a manažéri |
| 610 | 2 | 0 | |a starostlivosť o zdravie |
| 610 | 2 | 0 | |a starostlivosť o pracovníkov |
| 610 | 2 | 0 | |a psychológia |
| 610 | 2 | 0 | |a spokojnosť v práci |
| 100 | 1 | |a Veinbender, Kristína | |